LEADER 01845nas 2200493 c 450 001 9910890841003321 005 20260218110431.0 035 $a(CKB)1000000000262167 035 $a(OCoLC)163459003 035 $a(DE-101)026024845 035 $a(DE-599)ZDB2146929-5 035 $a(DE-599)2146929-5 035 $a(EXLCZ)991000000000262167 100 $a20040527a19999999 |y | 101 0 $ager 135 $aur||||||||||| 181 $ctxt$2rdacontent 182 $cc$2rdamedia 183 $acr$2rdacarrier 200 10$aEntscheidungen der Beschwerdekammern des Europäischen Patentamts$e= Decisions of the Boards of Appeal of the European Patent Office = De?cisions des Chambres de Recours de l'Office Europe?en des Brevets 210 31$aMu?nchen$cEPO$d1999- 215 $aOnline-Ressource 300 $aGesehen am 20.04.16 311 08$a0255-3430 517 1 $aDecisions of the Boards of Appeal of the European Patent Office 517 1 $aDe?cisions des Chambres de Recours de l'Office Europe?en des Brevets 606 $aEntscheidungssammlung$3(DE-588)4152408-1$3https://d-nb.info/gnd/4152408-1$3(DE-101)04152408X$2gnd 606 $aPatentrecht$3(DE-588)4044884-8$3https://d-nb.info/gnd/4044884-8$3(DE-101)040448843$2gnd 606 $aEntscheidungssammlung$3(DE-588)4152408-1$3https://d-nb.info/gnd/4152408-1$3(DE-101)04152408X$2gnd 608 $aZeitschrift$2gnd-content 608 $aEntscheidungssammlung$2gnd-content 615 7$aEntscheidungssammlung. 615 7$aPatentrecht. 615 7$aEntscheidungssammlung. 676 $a340 676 $a600 686 $a2$2ssgn 801 0$b0355 801 1$bDE-101 801 2$b9999 906 $aJOURNAL 912 $a9910890841003321 996 $aEntscheidungen der Beschwerdekammern des Europa?ischen Patentamts$94237464 997 $aUNINA